Obálka
Pro půjčování e-knih musíte být přihlášeni.
Jak si půjčit online?

Nápad za miliardu : nejinspirativnější příběhy českých startupistů /

Osobnosti stojící za úspěšnými českými startupy představují své příběhy. Doplňují je rady a tipy, které jednotlivým podnikatelům a jejich firmám pomohly dostat se až na vrchol.

Uloženo v:
Hlavní autor: Mareš, Michael, 1984- (Autor)
Médium: E-audiokniha
Jazyk:Czech
Vydáno: Praha : Kniha Zlin, 2021
Vydání:Vydání první
Edice:IN
Témata:
Tagy:
Žádné tagy
LEADER 03773nam a2200901 i 4500
001 313132
003 CZ PrSKC
005 20260601215736.0
007 ta
008 211022s2021 xr c e 000 0ccze
015 |a cnb003368130 
020 |a 9788076622340  |q (brožováno) :  |c Kč 399,00 
035 |a (OCoLC)1288051967 
035 |a (OCoLC)1291386121 
040 |a BOA001  |b cze  |d ABA001  |e rda 
043 |a e-xr--- 
045 |a x-y- 
072 7 |a 658  |x Řízení a správa podniku  |2 Konspekt 
072 7 |a 929  |x Biografie  |2 Konspekt 
080 |a 658.114-051  |2 MRF 
080 |a 658.114-055.2  |2 MRF 
080 |a 658:001.895  |2 MRF 
080 |a 658:17.024.4  |2 MRF 
080 |a 929  |2 MRF 
080 |a (437.3)  |2 MRF 
080 |a (0:82-322.6)  |2 MRF 
100 1 |a Mareš, Michael,  |d 1984-  |7 xx0266334  |4 aut 
245 1 0 |a Nápad za miliardu :  |b nejinspirativnější příběhy českých startupistů /  |c Michael Mareš 
250 |a Vydání první 
264 1 |a Praha :  |b Kniha Zlin,  |c 2021 
300 |a 291 stran :  |b barevné portréty ;  |c 24 cm 
336 |a text  |b txt  |2 rdacontent 
337 |a bez média  |b n  |2 rdamedia 
338 |a svazek  |b nc  |2 rdacarrier 
490 1 |a IN ;  |v svazek 9 
500 |a Obálka s průřezy 
520 2 |a Osobnosti stojící za úspěšnými českými startupy představují své příběhy. Doplňují je rady a tipy, které jednotlivým podnikatelům a jejich firmám pomohly dostat se až na vrchol. 
648 7 |a 20.-21. století  |7 ch462155  |2 czenas 
650 0 7 |a podnikatelé  |7 ph124163  |z Česko  |y 20.-21. století  |2 czenas 
650 0 7 |a podnikatelky  |7 ph115869  |z Česko  |y 20.-21. století  |2 czenas 
650 0 7 |a inovační podnikání  |7 ph114777  |2 czenas 
650 0 7 |a úspěch v podnikání  |7 ph286292  |2 czenas 
650 0 9 |a businessmen  |z Czechia  |y 20th-21st centuries  |2 eczenas 
650 0 9 |a businesswomen  |z Czechia  |y 20th-21st centuries  |2 eczenas 
650 0 9 |a innovative business  |2 eczenas 
650 0 9 |a success in business  |2 eczenas 
653 0 |a startup 
655 7 |a biografické příběhy  |7 fd131953  |2 czenas 
655 9 |a biographical stories  |2 eczenas 
830 0 |a IN 
900 |a ABA001  |b 19 
928 9 |a Albatros Media - Kniha Zlin 
044 |a xr 
505 0 0 |t 00_Uvod (8 min., 43 sek.) 
505 0 0 |t 01_Tomas Cupr A (24 min., 11 sek.) 
505 0 0 |t 02_Tomas Cupr B (30 min., 34 sek.) 
505 0 0 |t 03_Tomas Cupr C (28 min., 41 sek.) 
505 0 0 |t 04_Jan Rezab A (28 min., 42 sek.) 
505 0 0 |t 05_Jan Rezab B (27 min., 52 sek.) 
505 0 0 |t 06_Martin Hajek A (28 min., 13 sek.) 
505 0 0 |t 07_Martin Hajek B (32 min., 38 sek.) 
505 0 0 |t 08_Hubert Palan A (23 min., 49 sek.) 
505 0 0 |t 09_Hubert Palan B (27 min., 0 sek.) 
505 0 0 |t 10_Kveta a Simon Vostri A (22 min., 16 sek.) 
505 0 0 |t 11_Kveta a Simon Vostri B (30 min., 58 sek.) 
505 0 0 |t 12_Oliver Dlouhy A (26 min., 10 sek.) 
505 0 0 |t 13_Oliver Dlouhy B (25 min., 23 sek.) 
505 0 0 |t 14_Simona Kijonkova A (21 min., 34 sek.) 
505 0 0 |t 15_Simona Kijonkova B (32 min., 24 sek.) 
505 0 0 |t 16_Jan Bednar A (24 min., 59 sek.) 
505 0 0 |t 17_Jan Bednar B (24 min., 7 sek.) 
505 0 0 |t 18_Jaroslav Beck, Jan Ilavsky, Vladimir Hrincar A (21 min., 6 sek.) 
505 0 0 |t 19_Jaroslav Beck, Jan Ilavsky, Vladimir Hrincar B (28 min., 45 sek.) 
505 0 0 |t 20_Josef Prusa A (26 min., 42 sek.) 
505 0 0 |t 21_Josef Prusa B (25 min., 15 sek.) 
910 |a RBIT002 
998 |d 358254  |a https://core.palmknihy.cz/api/books/358254/cover?se9ycs  |b https://core.palmknihy.cz/api/books/358254/cover/400?se9ycs  |c https://core.palmknihy.cz/api/books/358254/cover/50?se9ycs  |e 2031-12-31  |i 9788076622340  |l 34200  |q 49  |r 1  |s https://www.palmknihy.cz/kniha/358254  |t audiobook  |y 2022  |z 0 
999 |d 313130